| 000 | 01331cam a22003255a 4500 | ||
|---|---|---|---|
| 999 |
_c234360 _d234360 |
||
| 001 | 17339803 | ||
| 003 | Nust | ||
| 005 | 20170319181601.0 | ||
| 008 | 120609s1996 nyu 000 1 eng d | ||
| 010 | _a 96096077 | ||
| 020 | _a9780749939144 | ||
| 035 | _a(OCoLC)ocm35263447 | ||
| 040 |
_aIOS _cIOS _dOCLCQ _dUPZ _dKYL _dDLC |
||
| 042 | _alccopycat | ||
| 050 | 0 | 0 | _aCPB Box no. 230 (Stored at Landover) |
| 082 | 0 | 4 |
_a813.54 _bQUI |
| 100 | 1 |
_aQuinn, Julia, _d1970-. |
|
| 245 | 1 | 0 |
_aMinx / _cJulia Quinn. |
| 260 |
_aNew York : _bAvon Books, _c1996. |
||
| 300 |
_a391 p. ; _c18 cm. |
||
| 490 | 1 | _aAvon historical romance | |
| 520 | _aRebelling against all societal conventions by wearing breeches and managing her elderly guardian's estate, feisty Henrietta Barrett is left at the mercy of distant cousin William Dunford when her guardian passes away. | ||
| 650 | _aFiction | ||
| 655 | 7 |
_aLove stories. _2gsafd |
|
| 710 | 2 |
_aCopyright Paperback Collection (Library of Congress) _5DLC |
|
| 830 | 0 | _aAvon romance. | |
| 856 | 4 | 2 |
_3Contributor biographical information _uhttp://www.loc.gov/catdir/enhancements/fy1212/96096077-b.html |
| 856 | 4 | 2 |
_3Publisher description _uhttp://www.loc.gov/catdir/enhancements/fy1212/96096077-d.html |
| 906 |
_a0 _bibc _ccopycat _d2 _eepcn _f20 _gy-genrareb |
||
| 942 |
_2ddc _cBK |
||